Solid state electronic devices (Record no. 1212021)

MARC details
000 -LEADER
fixed length control field 01101nam a2200337Ia 4500
003 - CONTROL NUMBER IDENTIFIER
control field OSt
005 - DATE AND TIME OF LATEST TRANSACTION
control field 20221007123518.0
008 - FIXED-LENGTH DATA ELEMENTS--GENERAL INFORMATION
fixed length control field 221006b |||||||| |||| 00| 0 eng d
020 ## - INTERNATIONAL STANDARD BOOK NUMBER
International Standard Book Number 8120318404 (pbk)
037 ## - SOURCE OF ACQUISITION
Terms of availability Textual
040 ## - CATALOGING SOURCE
Original cataloging agency PAPL
Transcribing agency PAPL
Language of cataloging eng
041 ## - LANGUAGE CODE
Source of code eng
Language code of text/sound track or separate title eng
100 ## - MAIN ENTRY--PERSONAL NAME
Personal name Streetman Ben G
9 (RLIN) 471349
245 #0 - TITLE STATEMENT
Title Solid state electronic devices
Remainder of title Banerjee Sanjay
250 ## - EDITION STATEMENT
Edition statement 5
260 ## - PUBLICATION, DISTRIBUTION, ETC.
Place of publication, distribution, etc. New
Name of publisher, distributor, etc. Jersey Prentice-Hall Inc.
Date of publication, distribution, etc. 2000
300 ## - PHYSICAL DESCRIPTION
Extent xviii, 558p.
Dimensions cm.
500 ## - GENERAL NOTE
General note Appendix I-IX, 519-541p.; Index 543-558p.
650 ## - SUBJECT ADDED ENTRY--TOPICAL TERM
Topical term or geographic name entry element Devices
650 ## - SUBJECT ADDED ENTRY--TOPICAL TERM
Topical term or geographic name entry element Electronic Devices
650 ## - SUBJECT ADDED ENTRY--TOPICAL TERM
Topical term or geographic name entry element Semiconductors
9 (RLIN) 468426
650 ## - SUBJECT ADDED ENTRY--TOPICAL TERM
Topical term or geographic name entry element Solid State theory
9 (RLIN) 717323
650 ## - SUBJECT ADDED ENTRY--TOPICAL TERM
Topical term or geographic name entry element Computer Science
700 ## - ADDED ENTRY--PERSONAL NAME
Personal name Banerjee Sanjay
942 ## - ADDED ENTRY ELEMENTS (KOHA)
Classification part D65, L9;P0;4-;5 Carpa
Koha item type Textual
Source of classification or shelving scheme Colon Classification (CC)
Holdings
Withdrawn status Lost status Source of classification or shelving scheme Damaged status Not for loan Home library Current library Date acquired Source of acquisition Cost, normal purchase price Total Checkouts Full call number Barcode Date last seen Cost, replacement price Price effective from Koha item type
    Colon Classification (CC)     Department of Physics and Astrophysics Library Department of Physics and Astrophysics Library 2022-10-07 789, 08/02/2005, Unilib Book Distributors 250.00   D65 L9;P0;4-;5 Carpa PA0005625 2022-10-07 250.00 2022-10-07 Textual
Copyright @ Delhi University Library System